000 00429nam a22001217a 4500
082 _a220 PRO
100 _aSuleman Tahir Hamza Azam Raja Muazzam Ali Umair Nadeem
_971475
245 _aPR-SOF-1783-SMARTPHONE BASED ECG MONITORING SYSTEM
260 _aISLAMABAD
_bNUST COLLEGE OF EME
_c2019
650 _a DE-MTS-37 DECLASS
_971476
700 _aSupervisors Dr. Nauman Razzaq Lec. Ayesha Zeb Lec. Muneeb Masood
_971477
942 _cCR
999 _c577976
_d577976